000 00359cam a22001217a 4500
008 180718b1973 xxu||||| |||| 00| 0 eng d
082 _aN12203x54 In2 1924
245 _aAmendments to the cantonments act, 1924 task force report
260 _a
_b
_c1973
300 _a167p.
650 _aFinancing of Urban development.
650 _aPlanning of Urban development
999 _c410885
_d410885